Esclavitud y Derechos Humanos: la lucha por la libertad del negro en el siglo XIX.

Сохранить в:
Библиографические подробности
Главный автор: Solano, Francisco de
Другие авторы: Guimerá, Agustín
Формат:
Язык:испанский
Опубликовано: Madrid, España Consejo Superior de Investigaciones Científicas 1990
Предметы:
Метки: Добавить метку
Нет меток, Требуется 1-ая метка записи!

MARC

LEADER 00000nam a2200000 a 4500
001 UCR5899
003 CL-VaPUC
005 20231103091622.0
008 980403e19900000SP |||||||||||||||||spa|d
999 |c 268241  |d 268239 
040 |c Pontificia Universidad Católica de Valparaíso 
082 0 4 |a 326 SOL 1990  |2 21 
100 0 |a Solano, Francisco de  |9 406840 
245 1 0 |a Esclavitud y Derechos Humanos: la lucha por la libertad del negro en el siglo XIX. 
260 0 3 |a Madrid, España  |b Consejo Superior de Investigaciones Científicas  |c 1990 
300 |a 634 páginas 
583 |a last modification  |c 19980403 00:00:00  |k Rodrigo Vera 
650 0 |a Esclavitud  |9 323605 
650 0 |a Derechos humanos  |9 223025 
650 0 |a Congresos  |9 257560 
650 0 |a Política  |9 255312 
650 0 |a Abolición de la esclavitud  |9 398424 
651 0 |a España  |9 254926 
651 7 |a PUERTO RICO  |2 CL-VaPUC  |9 254988 
651 7 |a SANTO DOMINGO  |2 CL-VaPUC  |9 406842 
651 7 |a CUBA  |2 CL-VaPUC  |9 255263 
651 0 |a Gran Bretaña  |9 256767 
651 0 |a Francia  |9 255157 
651 7 |a PORTUGAL  |2 CL-VaPUC  |9 255007 
651 0 |a Brasil  |9 267393 
700 0 |a Guimerá, Agustín  |9 406841 
942 |c BK  |2 ddc 
945 |d 19980403 00:00:00  |a rbrito 
952 |0 0  |1 0  |2 ddc  |4 0  |6 326_000000000000000_SOL_1990  |7 0  |8 A  |9 301226  |a BIBHIS  |b BIBHIS  |d 2019-11-20  |i 3398617  |o 326 SOL 1990  |p 3398617  |r 2025-01-20  |t 1  |w 2019-11-20  |y BK  |k HIS